La Géographie en 10 questions #1 - Statistiques

Statistiques générales
  • Ce quiz a été pris 188 fois
  • Le résultat moyen est 8 sur 10
Statistiques - réponses
Hint Réponse % Correct
Sur quelle continent se trouve l'Egypte Afrique
100%
Quelle est la capitale de la France ? Paris
100%
Quel pays a la plus grande superficie au monde ? Russie
98%
Quel est le plus long fleuve du monde ? Nil
93%
Quel est le plus petit pays du monde en superficie ? Vatican
88%
Dans quel pays trouve-t-on la région appelée Transylvanie ? Roumanie
77%
Quel est le plus haut sommet d’Afrique ? Kilimandjaro
74%
Quelle ville est connue comme "la ville éternelle" ? Rome
70%
Quelle est la plus grande île du monde ? Groenland
60%
Quelle mer sépare la péninsule ibérique de l’Afrique du Nord ? Mer Méditerranée
38%
Aucun quiz correspondant
Distribution des résultats
% des personnes avec chaque résultat
Percentile par nombre de réponses
Votre historique - résultats
Vous n’avez pas pris ce quiz